000 01471nam0a22003731 4500
001 RU\NLR\INFOCOMM_89\5000596901
005 20250613095534.0
035 _a(NLR Aleph) 009297921
090 _a9260839
_c9260839
100 _a20101012d1978 |||y0rusy50 ca
101 0 _aeng
102 _aRU
105 _aa ||||000|y
200 1 _aExperimental arguments in favour of isospin 5/2 isobars
_fA. F. Nilov, A. B. Kaidalov, G. S. Lomkatsi, V. T. Smolyankin
210 _aМ.
_cИТЭФ
_d1978
215 _a17 с.
_cдиагр.
_d25 см
225 1 _aInst. of theoretical a. experimental physics
_vITEP-165
300 _aВ вып. дан.: Экспериментальные аргументы в пользу существования изобар с изотопическим спином 5/2 / А. Ф. Нилов и др.
320 _aБиблиогр.: с. 17
606 _aИзобары (ядерн.)
_2nlr_sh1
686 _aВ382.32
_2rubbk
701 1 _9z07790
_aNilov
_bA. F.
_gAnatalij Filippovič
_4070
701 1 _9z08790
_aKajdalov
_bA. B.
_gAleksej Borisovič
_4070
701 1 _9z09790
_aLomkaci
_bG. S.
_4070
701 1 _9z10790
_aSmoljankin
_bV. T.
_4070
790 1 _9z07701
_aNilov
_bA. F.
_4070
790 1 _9z08701
_aKaidalov
_bA. B.
_4070
790 1 _9z09701
_aLomkatsi
_bG. S.
_4070
790 1 _9z10701
_aSmolyankin
_bV. T.
_4070
801 1 _aRU
_bNLR
_c20101012
801 0 _aRU
_bNLR
_gPSBO
852 _aNLR
_jФз01 Д-8/272
942 _cBOOK
980 _aNB